| 000 | 00697nam a2200253 a 4500 | ||
|---|---|---|---|
| 001 | adlib96000001 | ||
| 003 | ViArRB | ||
| 005 | 200902210153555.7 | ||
| 008 | 960221s1955 dcuabcdjdbkoqu001 0deng d | ||
| 020 | _a9780849374890 | ||
| 022 | _a | ||
| 040 | _aAdlib | ||
| 082 | _a502.7 | ||
| 245 | _aWildlife habitat management:concepts and applications in forestry | ||
| 250 | _a | ||
| 260 |
_aBoca Ration _bCRC Press _c2008 |
||
| 300 |
_a319p _c |
||
| 500 | _a | ||
| 100 |
_aMccomb, Brenda C _e |
||
| 700 |
_a _a |
||
| 942 | _cBK | ||
| 653 | _aWildlife Management | ||
| 952 |
_w2010-06-16 _p00058894 _r2012-02-01 _40 _00 _bUL _10 _o502.7 MCC _d2010-06-16 _70 _yBK _s2012-01-05 _l1 _aUL |
||
| 999 |
_c53009 _d53008 |
||